Historicus inter saecula movens Kniha k životnímu jubileu prof. Jiřího Peška
Saved in:
| Main Author | |
|---|---|
| Other Authors | , |
| Format | Electronic eBook |
| Language | Czech |
| Published |
Karolinum
2026
|
| Edition | 1. elektronické vydání |
| Subjects | |
| Online Access | Dostupné v BOOKPORT po přihlášení pomocí eduID |
| ISBN | 978-80-246-6233-6 978-80-246-6140-7 |
| Physical Description | 1 online zdroj (484 stran) |
| LEADER | 00000nam a2200000 i 4500 | ||
|---|---|---|---|
| 001 | bkp438370592 | ||
| 003 | CZ-prgp | ||
| 005 | 20260413161533.0 | ||
| 006 | m o d | ||
| 007 | cr cn | ||
| 008 | 260413s2026 xr o 000 0 cze | ||
| 020 | |a 978-80-246-6233-6 |c 460 Kč |q (online ; pdf) | ||
| 020 | |a 978-80-246-6140-7 |c 650 Kč |q (print) | ||
| 040 | |a Grada |b cze |e rda | ||
| 100 | 1 | |a Ivana, Ebelová | |
| 245 | 1 | 0 | |a Historicus inter saecula movens |b Kniha k životnímu jubileu prof. Jiřího Peška |c Ebelová Ivana, Hojda Zdeněk, Nešpor Zdeněk R. |
| 250 | |a 1. elektronické vydání | ||
| 264 | 1 | |b Karolinum |c 2026 | |
| 300 | |a 1 online zdroj (484 stran) | ||
| 336 | |a text |b txt |2 rdacontent | ||
| 337 | |a počítač |b c |2 rdamedia | ||
| 338 | |a online zdroj |b cr |2 rdacarrier | ||
| 520 | 3 | |a Kniha příspěvků k životnímu jubileu profesora Jiřího Peška odráží široký okruh jeho badatelských zájmů a přináší poprvé jubilantovu kompletní bibliografii. Po úvodních textech, jež shrnují Peškovu dosavadní životní dráhu a mají dílem i vzpomínkový charakter, následuje dalších dvacet pět příspěvků od domácích i zahraničních autorů. Jsou rozděleny do tří oddílů. První z nich je věnován dějinám pražské univerzity a kulturním dějinám českých měst v pozdním středověku a raném novověku, druhý oddíl pak podobné tematice v 19. a 20. století. Třetí část knihy odráží dlouholetý profesionální zájem o německé a rakouské země, přičemž právě zde najdeme také několik příspěvků jubilantových zahraničních přátel, jejichž interes se naopak často zaměřuje k českým zemím. | |
| 650 | 0 | 4 | |a Dějiny |
| 700 | 1 | |a Hojda Zdeněk | |
| 700 | 1 | |a Nešpor Zdeněk R. | |
| 856 | 4 | 0 | |u https://www.bookport.cz/AccountSaml/SignIn/?idp=https://shibboleth.utb.cz/idp/shibboleth&returnUrl=/kniha/historicus-inter-saecula-movens-15975/ |y Dostupné v BOOKPORT po přihlášení pomocí eduID |